Statistics for Elements with Lowest Scrabble Scores

Click here to take the quiz!

General Stats

  • This quiz has been taken 27 times
  • The average score is 10 of 20

Answer Stats

ScoreElement% Correct
4Neon
91%
3Tin
91%
6Gold
87%
4Iron
87%
5Lead
78%
9Silver
74%
7Boron
70%
6Argon
61%
9Sodium
61%
6Radon
52%
7Iodine
43%
9Sulfur
35%
9Indium
30%
9Silicon
30%
9Uranium
30%
9Arsenic
26%
9Nitrogen
26%
9Radium
26%
8Astatine
17%
9Tungsten
17%

Score Distribution

Percentile by Number Answered

Percent of People with Each Score

Your Score History

You have not taken this quiz